[Event "Padova Province-chT 58th"]
[Site "Padova"]
[Date "1998.01.11"]
[Round "3"]
[White "Navarro, Tommaso"]
[Black "Scarpa, Luca"]
[Result "0-1"]
[WhiteElo "1300"]
[BlackElo "1400"]
[PlyCount "102"]
[EventDate "1998.01.10"]
[EventType "swiss"]
[EventRounds "6"]
[EventCountry "ITA"]
[SourceTitle "EXT 2022"]
[Source "ChessBase"]
[SourceDate "2021.10.06"]
[SourceVersion "1"]
[SourceVersionDate "2021.10.06"]
[SourceQuality "1"]

1. e4 e6 2. d4 d5 3. e5 c5 4. c3 cxd4 5. cxd4 a6 6. Nf3 Bd7 7. Nc3 Qb6 8. a3 Nc6 9. Na4 Qc7 10. Qb3 b5 11. Nc3 Na5 12. Qc2 Rb8 13. b4 Nc4 14. Bxc4 Qxc4 15. Nd2 Qxd4 16. Nf3 Qc4 17. Bb2 d4 18. Nd2 Qc6 19. Rc1 dxc3 20. Qxc3 Qxg2 21. Rf1 Qa8 22. f3 Rc8 23. Qd3 Be7 24. Rd1 Bc6 25. Ne4 Bh4+ 26. Ke2 Bxe4 27. fxe4 Rd8 28. Qf3 Nh6 29. Bc1 Rxd1 30. Kxd1 Qd8+ 31. Ke2 Bg5 32. Rd1 Qe7 33. Qf2 Bxc1 34. Rxc1 0-0 35. Qg3 f5 36. exf5 Nxf5 37. Qg4 Nh6 38. Qg3 Qd8 39. Rc6 Qd5 40. Rxa6 Qa2+ 41. Ke1 Qb1+ 42. Kd2 Qb2+ 43. Kd1 Rf1+ 44. Qe1 Qb1+ 45. Kd2 Qxe1+ 46. Kd3 Qxe5 47. a4 Rd1+ 48. Kc2 Qe2+ 49. Kb3 Qc4+ 50. Kb2 Rd2+ 51. Kb1 Qf1# 0-1